Szczegóły MARC21

Lwów 1940-1944 : pejzaż psychologiczny /

003 -Nazwa inst., której nr kontr. jest w polu 001 [,]
    • @
    • Nazwa instytucji, której n kontrolny jest w polu 001
    • NUKAT
005 -DATA I CZAS OSTATNIEJ MODYFIKACJI [,]
    • @
    • pole kontrolne
    • 20241231103730.0
020 -Międzynarod. znormalizowany nr książki - ISBN [ , ]
    • a
    • Numer ISBN
    • 8385459278 Find
040 -Instytucja sporządzająca opis [ , ]
    • a
    • Instytucja, która sporządziła opis (NP)
    • TOR U/PDJR
    • c
    • Instytucja, która sporządziła rekord (NP)
    • TOR U/PDJR
    • d
    • Instytucja, która zmodyfikowała rekord (P)
    • TOR U/AP
942 -Rodzaj dokumentu [ , ]
    • c
    • Rodzaj dokumentu
    • Książka
100 -Hasło główne - nazwa osobowa [1, ]
    • a
    • Nazwa osobowa (NP)
    • Tomaszewski, Tadeusz
    • d
    • Daty biograficzne (NP)
    • (1910-2000).
    • 9
    • KHW
    • 39188
245 -Strefa tytułu i oznaczenia odpowiedzialności [1,0]
    • a
    • Tytuł
    • Lwów 1940-1944 : Find
    • b
    • Ciąg dalszy tytułu (NP)
    • pejzaż psychologiczny / Find
    • c
    • Pozostałe elementy strefy tytułu i oznaczenia odpowiedzialności (NP)
    • Tadeusz Tomaszewski ; [notę o aut., kalendarium wydarzeń i informacje o osobach wspomnianych w dzienniku oprac. Zofia Ratajczak].
260 -Strefa adresu wydawniczego [ , ]
    • a
    • Miejsce wydania (P)
    • Warszawa :
    • b
    • Nazwa wydawcy (P)
    • WIP,
    • c
    • Data wydania (P)
    • 1996.
300 -Strefa opisu fizycznego [ , ]
    • a
    • Określenie formy książki i/lub objętość (NP)
    • 239, [1] s. :
    • b
    • Oznaczenie ilustracji (NP)
    • il. ;
    • c
    • Format (NP)
    • 21 cm.
336 -Typ zawartości [ , ]
    • a
    • Termin opisujący typ zawartości
    • Tekst
    • b
    • Kod określający zawartość
    • txt
    • 2
    • Źródło (terminu i kodu)
    • rdacontent
337 -Typ mediów [ , ]
    • a
    • Tryb odtwarzania
    • Bez urządzenia pośredniczącego
    • b
    • Kod typu mediów
    • n
    • 2
    • Źródło (terminu i kodu)
    • rdamedia
338 -Typ/rodzaj nośnika [ , ]
    • a
    • Hasło opisujące typ nośnika
    • Wolumin
    • b
    • Kod typu nośnika
    • nc
    • 2
    • Źródło (terminu i kodu)
    • rdacarrier
504 -Uwaga dot. bibliogr. załącznikowej [ , ]
    • a
    • Uwaga dot. bibliografii załącznikowej
    • Bibliogr. s. 213.
536 -Uwaga dot. finansowania książki [ , ]
    • a
    • Tekst uwagi
    • Wydanie książki dofinansowała Szkoła Wyższa Psychologii Społecznej
080 -Uniwersalna Klasyfikacja Dziesiętna [ , ]
    • a
    • Symbol klasyfikacji
    • 943.8.081/.082Lwów
080 -Uniwersalna Klasyfikacja Dziesiętna [ , ]
    • a
    • Symbol klasyfikacji
    • :929Tomaszewski T.
600 -Hasło przedmiotowe w formie nazwy osobowej [1,7]
    • a
    • Nazwa osobowa
    • Tomaszewski, Tadeusz
    • d
    • Daty związane z nazwą
    • (1910-2000)
    • v
    • Określnik formalny
    • dzienniki intymne.
    • 2
    • Źródło terminu
    • kaba
    • 9
    • KHW
    • 713687
650 -Hasło przedmiotowe [ ,7]
    • a
    • Hasło przedmiotowe
    • Wojna światowa (1939-1945)
    • v
    • Określnik formalny
    • relacje osobiste Polaków.
    • 2
    • Źródło terminu
    • kaba
    • 9
    • KHW
    • 136234
651 -Hasło przedmiotowe w formie nazwy geograficznej [ ,7]
    • a
    • Nazwa geograficzna
    • Lwów (Ukraina)
    • y
    • Określnik chronologiczny
    • 1939-1945 (Wojna i okupacja)
    • v
    • Określnik formalny
    • relacje osobiste.
    • 2
    • Źródło terminu
    • kaba
    • 9
    • KHW
    • 452723
980 -Symbol UKD [ , ]
    • a
    • UKD
    • 943.8.081/.082Lwów:929Tomaszewski T.
700 -Hasło dodatkowe - nazwa osobowa [1, ]
    • a
    • Nazwa osobowa (NP)
    • Ratajczak, Zofia Find
    • d
    • Daty biograficzne (NP)
    • (1937- ).
    • e
    • Określenie rodzaju współpracy
    • Oprac.
    • 9
    • KHW
    • 26826
710 -Hasło dodatkowe - nazwa ciała zbiorowego [2, ]
    • a
    • Nazwa ciała zbiorowego lub nazwa geograficzna jako pierwszy element (NP)
    • Polska Akademia Nauk.
    • b
    • Nazwa jednostki podrzędnej (P)
    • Instytut Psychologii.
    • b
    • Nazwa jednostki podrzędnej (P)
    • Wydawnictwo.
    • 4
    • Kod relacji
    • pbl
    • 9
    • KHW
    • 85400
920 -ISBN [ , ]
    • a
    • ISBN
    • 83-85459-27-8 Find
Numer inwentarzowy Status udost. Data inwentaryzacji Lokalizacja
Pd.1132611998-07-28BG
Pd.1144611998-09-03BNS